Comparing Scenarios for a European Carbon Border Adjustment Mechanism: Trade, FDI and Welfare Effects with a Focus on the Austrian Economy

Na minha lista:
Detalhes bibliográficos
Autor principal: Korpar, Niko
Outros Autores: Larch, Mario, Stöllinger, Roman
Formato: Livro
Idioma:inglês
Publicado em: Vienna The Vienna Institute for International Economic Studies 2022
Assuntos:
Tags: Adicionar Tag
Sem tags, seja o primeiro a adicionar uma tag!

MARC

LEADER 00000nlm a2200000 4500
001 0291800
005 20230329145840.3
041 0 |a eng 
044 |a AT 
245 1 0 |a Comparing Scenarios for a European Carbon Border Adjustment Mechanism: Trade, FDI and Welfare Effects with a Focus on the Austrian Economy  |c Niko Korpar, Mario Larch and Roman Stöllinger 
264 1 |a Vienna  |b The Vienna Institute for International Economic Studies  |c 2022 
300 |a 96 s. 
610 2 0 |a obchod medzinárodný 
610 2 0 |a investície priame zahraničné 
610 2 0 |a konkurencieschopnosť 
610 2 0 |a emisie 
610 2 0 |a blahobyt 
610 2 0 |a Rakúsko 
100 1 |a Korpar, Niko 
700 1 |a Larch, Mario 
700 1 |a Stöllinger, Roman